Chile all time starting xi - Statistics

General Stats
  • This quiz has been taken 95 times
  • The average score is 7 of 11
Answer Stats
Hint Answer % Correct
FW(2006- Alexis Sánchez
100%
MF(2007- Auturo Vidal
100%
GK(2004-2024 Claudio Bravo
99%
DF2007-2023 Gary Medel
73%
FW(2009-2022 Eduardo Vargas
59%
DF(2007-2022 Mauricio Isla
58%
MF(2009- Charles Aránguiz
49%
FW(1994-2007 Marcelo Salas
46%
DF(1966-1982 Elías Figueroa
42%
DF(2006-2019 Gonzalo Jara
32%
MF(1959-1973 Jorge Toro
8%
No matching quizzes found
Score Distribution
Percent of People with Each Score
Percentile by Number Answered
Your Score History
You have not taken this quiz